Statistics for Guess the City

Click here to take the quiz!

General Stats

  • This quiz has been taken 19 times
  • The average score is 6 of 15

Answer Stats

Answer% Correct
Pyongyang
89%
Berlin
78%
Cairo
72%
New York City
67%
Casablanca
39%
Tel Aviv-Yafo
33%
Vientiane
33%
Porto
28%
Kolkata
22%
Montevideo
22%
Brisbane
17%
Cali
17%
Thessaloniki
17%
Edmonton
11%
Guatemala City
6%

Score Distribution

Percentile by Number Answered

Percent of People with Each Score

Your Score History

You have not taken this quiz